000 00664nam a2200253Ia 4500
003 OSt
005 20220925221753.0
006 a|||||r|||| 00| 0
007 ta
008 220923b |||||||| |||| 00| 0 eng d
037 _cGeneral Book
040 _aRTL
_cRTL
_beng
041 _2eng
_aeng
082 _aX61, F4
100 _aRobertson Dennis H.
245 0 _aMoney
250 _a2nd
260 _aLondon
_bNisbet and Co. U. K.
_c1924
300 _axii, 178p.
_ccm.
500 _aCambridge Economic Handbooks, 2.
650 _aEconomics-Money
_928470
942 _hX61, F4
_cGB
_2CC
999 _c575299
_d575299